The commitments /

Đã lưu trong:
Chi tiết về thư mục
Tác giả chính: Roswell, Mark G. (Nhà soạn nhạc)
Tác giả khác: Doyle, Roddy (Người viết kịch bản), Ball, Angeline (Diễn viên), Arkins, Robert (Diễn viên), La Frenais, Ian (Người viết kịch bản), Clement, Dick (Người viết kịch bản), Aherne, Michael (Diễn viên), Parker, Alan, (1944-2020 regista) (Giám đốc)
Định dạng: Slide
Ngôn ngữ:Tiếng Italy
Được phát hành: Roma : La Repubblica, 1993
Loạt:La Repubblica cinema ; 7
Các nhãn: Thêm thẻ
Không có thẻ, Là người đầu tiên thẻ bản ghi này!

MARC

LEADER 00000ngm a22000007i 4500
001 IT\ICCU\RAV\0276876
003 ItRI
005 20260124182805.0
008 960730s1993 it |||||||||||||||k|||||c
040 |b ita 
041 7 |a ita  |2 ISO-639-2 
130 4 |a The commitments  |3 IT\ICCU\CFI\0244463  |9 Doyle, Roddy 
130 4 |a The commitments <film ; 1991>  |3 IT\ICCU\UBO\2608811 
245 0 4 |a The commitments /  |c di Alan Parker ; sceneggiatura Dick Clement, Jan La Frenais, Roddy Doyle ; musiche G. Mark Roswell ; tratto dall'omonimo romanzo di Roddy Doyle. 
260 |a Roma :  |b La Repubblica,  |c 1993 
300 |a 1 videocassetta (VHS) (ca. 118 min.) :  |b color., son 
500 |a Tit. del contenitore 
500 |a Film del 1991, Gran Bretagna; interpreti: Robert Arkins, Michael Aherne, Angeline Ball, Mary Doyle, Andrew Strong, Johnny Murphy, Bronagh Gallagher. 
700 1 |a Roswell, Mark G.  |0 IT\ICCU\ANAV\047920  |4 cmp 
700 1 |a Doyle, Roddy  |0 IT\ICCU\CFIV\130127  |4 sce 
700 1 |a Ball, Angeline  |0 IT\ICCU\MODV\134133  |4 act 
700 1 |a Arkins, Robert  |0 IT\ICCU\RAVV\089182  |4 act 
700 1 |a La Frenais, Ian  |0 IT\ICCU\RAVV\092548  |4 sce 
700 1 |a Clement, Dick  |0 IT\ICCU\RAVV\092549  |4 sce 
700 1 |a Aherne, Michael  |0 IT\ICCU\RAVV\092550  |4 act 
700 1 |a Parker, Alan,  |d  (1944-2020  |c regista)  |0 IT\ICCU\SBLV\301429  |4 drt 
830 3 |a La Repubblica cinema ;  |v 7  |0 IT\ICCU\TO0\0830765 
942 |2 ddc  |c VM  |n 0 
952 |0 0  |1 0  |4 0  |6 VO_797_000000000000000  |7 0  |9 26308  |a BO  |b BO  |d 2026-01-24  |i 7697  |l 0  |o VO 797  |p BO7697  |r 2026-01-24 18:28:05  |w 2026-01-24  |x [Sebina 5] [1 videocassetta]  |y VM  |z 1 videocassetta 
999 |c 22228  |d 22228